Kurs analitičeskoj geometrii i linejnoj algebry /

Gespeichert in:
Bibliographische Detailangaben
1. Verfasser: Beklemišev, Dmitrij Vladimirovič (Verfasst von)
Format: Buch
Sprache:Russisch
Veröffentlicht: Moskva : Nauka, 1987
Ausgabe:6.stereotip.izd.
Schlagworte:
Tags: Tag hinzufügen
Keine Tags, Fügen Sie das erste Tag hinzu!

MARC

LEADER 00000nam a22000003a 4500
001 stu34653
005 20150617225729.9
008 920323s1987----xxr-----------------rus-d
040 |a STU  |b slo 
041 0 |a rus 
044 |a xxr 
080 |a 512.64 
080 |a 514.12 
100 1 |a Beklemišev, Dmitrij Vladimirovič  |4 aut 
245 1 |a Kurs analitičeskoj geometrii i linejnoj algebry /  |c [aut.]Dmitrij V. Beklemišev 
250 |a 6.stereotip.izd. 
260 |a Moskva :  |b Nauka,  |c 1987 
300 |a 319 s 
650 7 |a algebra lineárna  |2 stusub 
650 7 |a Geometria analytická  |2 stusub 
996 |b 284M056095  |c M*2287-1  |l MMKN  |s A  |a 24  |w stu34653_0001